ORAL HEALTH SURVEYS (Record no. 2857)

MARC details
000 -LEADER
fixed length control field 00346nam a2200145Ia 4500
008 - FIXED-LENGTH DATA ELEMENTS--GENERAL INFORMATION
fixed length control field 150201s1999 xx 000 0 und d
082 ## - DEWEY DECIMAL CLASSIFICATION NUMBER
Classification number 610
Item number O1999W
100 ## - MAIN ENTRY--PERSONAL NAME
Personal name W.H.O.
245 ## - TITLE STATEMENT
Title ORAL HEALTH SURVEYS
250 ## - EDITION STATEMENT
Edition statement 4TH
260 ## - PUBLICATION, DISTRIBUTION, ETC. (IMPRINT)
Name of publisher, distributor, etc. AITBS
Place of publication, distribution, etc. DELHI
Date of publication, distribution, etc. 1999
300 ## - PHYSICAL DESCRIPTION
Extent Jan-66
650 ## - SUBJECT ADDED ENTRY--TOPICAL TERM
Topical term or geographic name as entry element PREVENTIVE AND COMMUNITY DENTISTRY
942 ## - ADDED ENTRY ELEMENTS (KOHA)
Source of classification or shelving scheme Dewey Decimal Classification
Koha item type Books
Holdings
Withdrawn status Lost status Source of classification or shelving scheme Damaged status Not for loan Home library Current library Date acquired Source of acquisition Cost, normal purchase price Serial Enumeration / chronology SGTU Bill Number Total Checkouts Full call number Barcode Date last seen Bill Date Koha item type
    Dewey Decimal Classification     SGT Dental Library SGT Dental Library 08/09/2003 U.B.S.DELHI 110.00 1 SGTU 555   610 O1999W FD1573 12/02/2016 01/03/2012 Books
    Dewey Decimal Classification     SGT Dental Library SGT Dental Library 31/10/2007 U.B.S.DELHI 120.00 1 SGTU 709   617.6 O2007W FD4598 13/06/2017 18/09/2012 Books
    Dewey Decimal Classification     SGT Dental Library SGT Dental Library 31/10/2007 U.B.S.DELHI 120.00 1 SGTU 709   617.6 O2007W FD4599 09/02/2015 18/09/2012 Books
    Dewey Decimal Classification     SGT Dental Library SGT Dental Library 31/10/2007 U.B.S.DELHI 120.00 1 SGTU 709   617.6 O2007W FD4600 09/02/2015 18/09/2012 Books